Hồ Chí Minh toàn tập
Guardat en:
| Format: | Llibre |
|---|---|
| Etiquetes: |
Afegir etiqueta
Sense etiquetes, Sigues el primer a etiquetar aquest registre!
|
| Thư viện lưu trữ: | Trung tâm Học liệu Lê Vũ Hùng, Trường Đại học Đồng Tháp |
|---|
| LEADER | 00329pam a22001098a 4500 | ||
|---|---|---|---|
| 001 | 00023495 | ||
| 005 | 20171026081023.0 | ||
| 008 | 110624s ||||||Viesd | ||
| 041 | 0 | # | |a Vie |
| 245 | 0 | 0 | |a Hồ Chí Minh toàn tập |
| 910 | |d 24/06/2011 | ||
| 980 | # | # | |a Trung tâm Học liệu Lê Vũ Hùng, Trường Đại học Đồng Tháp |